Vista normal
Vista MARC
Entrada Topical Term
Número de registros utilizados en: 1
001 - CONTROL NUMBER
- control field: 9202
003 - CONTROL NUMBER IDENTIFIER
- control field: OSt
005 - DATE AND TIME OF LATEST TRANSACTION
- control field: 20200825130309.0
008 - FIXED-LENGTH DATA ELEMENTS
- fixed length control field: 200825|| aca||aabn | a|a d
040 ## - CATALOGING SOURCE
- Original cataloging agency: OSt
- Transcribing agency: OSt
150 ## - HEADING--TOPICAL TERM
- Topical term or geographic name entry element: Administración pública
- General subdivision: innovaciones tecnológicas
670 ## - SOURCE DATA FOUND
- Source citation: Work cat.: (OSt)5932: Cardona Madariaga, Diego Fernando, autor 9201, Las Tecnologías de la información y las comunicaciones -TIC- en la relación administración pública-ciudadano : , 2009